000
00326nmm a2200145 a 4500
003
AR-BaBNM
005
20251128203142.0
008
163119s1924 ||||||||||||||000 | spa||
040
_c
AR-BaBNM
100
1
_a
Lugones, Leopoldo
245
1
0
_a
Romancero
260
_a
[S.l.]
_b
Babel
_c
1924
942
_c
BK
998
_c
MATO MOURAZOS
999
_c
2151
_d
2151